00890nam a2200217 a 450000100100000000500170001000800410002704000250006808200190009310000470011224500630015926000660022230000200028849000210030865000280032965000310035783000280038891000380041695202010045499900170065500003217420240412074255.0110713s1934 dr r 000 p spa d aDO-SdBNPbspacBNPHU aRD861.4bM843p1 aMoreno Jimenes, Domingo,d1894-198691953410aEl poema de la hija reintegrada /cDomingo Moreno Jimenes. a[Ciudad Trujillo, República Dominicana] :bFémina,c1934. a72 p. ;c56 cm.1 aEdición Blanca 0aPoesía dominicana966 0aLiteratura dominicana.967 0aEdición Blanca958264 aValidado. Control de calidad. EMS 001050718RVaPDbPDcHDd2011-07-13iLF1l0oRD861.4 M843pp32174-10r2020-06-25w2020-06-25y1zPerteneció a la biblioteca personal de Julio Ortega Frier, dedicado por el autorZNo se presta c31665d31665